From Abnormal FDI to a Normal Driver of Sudden Stop Episodes
V tomto článku skúmame úlohu „abnormálnych priamych zahraničných investícií“ ako potenciálneho faktora spôsobujúceho náhle zastavenie v období rokov 2009 – 2019. Na výpočet abnormálnych priamych zahraničných investícií sa používa nevysvetlená časť fixných efektov krajiny v bilaterálnej gravitačnej r...
Saved in:
| Main Author: | |
|---|---|
| Other Authors: | , |
| Format: | Book Chapter |
| Language: | English |
| Subjects: | |
| Tags: |
No Tags, Be the first to tag this record!
|
MARC
| LEADER | 00000naa a2200000 4500 | ||
|---|---|---|---|
| 001 | 0308518 | ||
| 005 | 20250509092249.2 | ||
| 041 | 0 | |a eng | |
| 044 | |a DE | ||
| 245 | 1 | 0 | |a From Abnormal FDI to a Normal Driver of Sudden Stop Episodes |c Mária Širaňová, Menbere Workie Tiruneh, Brian König |
| 520 | |a V tomto článku skúmame úlohu „abnormálnych priamych zahraničných investícií“ ako potenciálneho faktora spôsobujúceho náhle zastavenie v období rokov 2009 – 2019. Na výpočet abnormálnych priamych zahraničných investícií sa používa nevysvetlená časť fixných efektov krajiny v bilaterálnej gravitačnej regresii. | ||
| 610 | 2 | 0 | |a dane |
| 610 | 2 | 0 | |a centrá finančné medzinárodné |
| 610 | 2 | 0 | |a kríza hospodárska |
| 610 | 2 | 0 | |a investície priame zahraničné |
| 100 | 1 | |a Širaňová, Mária | |
| 700 | 1 | |a Workie Tiruneh, Menbere | |
| 700 | 1 | |a König, Brian, 1983- | |